| 000 | 01002nam a2200253 i 4500 | ||
|---|---|---|---|
| 001 | 110585 | ||
| 003 | ES-MaACL | ||
| 005 | 20250815062639.0 | ||
| 007 | t| | ||
| 008 | 070202q18901899sp ||||1| spa d | ||
| 080 | _a341.96:347.65 | ||
| 100 | 1 |
_aChampcommunale, J. _937910 |
|
| 245 | 1 | 3 |
_aLa sucesión ab-intestato en derecho internacional privado / _cpor M.J. Champcommunale ; versión castellana por el doctor Alejo García Góngora ; con notas y adiciones relativas a los Estados Americanos por Alejo García Moreno. |
| 260 |
_aMadrid : _bLa España Moderna, _c[189-?] |
||
| 300 |
_a572 p. ; _c23 cm. |
||
| 490 | 1 | _aBiblioteca de jurisprudencia, filosofía e historia | |
| 650 | 1 | 4 |
_aSucesión intestada. _917243 |
| 650 | 1 | 4 |
_aSucesiones (Derecho internacional) _917244 |
| 700 | 1 |
_aGarcía Moreno, A. _954997 |
|
| 700 | 1 |
_aGarcía Góngora, Alejo. _954704 |
|
| 830 | 0 | 0 |
_aBiblioteca de jurisprudencia, filosofía e historia _9180691 |
| 852 |
_aES-MaACL _jF-14802 |
||
| 999 |
_c110585 _d110585 |
||